000
00305nam a2200133 4500
003
SGT
082
_a
617.643
_b
M19D
100
_a
DAS, PRADEEP KUMAR
245
_a
MAXILLARY OSTEOTOMY
260
_a
DELHI NCR
_b
SGT UNIVERSITY GURUGRAM
_c
2019
300
_a
1-111
650
_a
ORAL SURGERY
942
_2
ddc
_c
TH
999
_c
18458
_d
18458